000
00299nam a2200109Ia 4500
008
200302s9999 xx 000 0 und d
100
_a
Aishwarya Tipnis
245
_a
Vernacular Traditions - Contemporary Architecture
260
_b
The Energy and Resources Institute
260
_c
2012
300
_a
232 P
999
_c
4333
_d
4333